000 00519nam a2200205 a 4500
001 BRL_1745
005 20190320211342.0
008 270715s1966----mx-#######---#000-0#spa-#
041 _aspa
044 _amx
050 4 _aPQ7297
_b.F84 1966
100 1 _aFuentes, Carlos
_95026
245 1 0 _aLos dias enmascarados
_cCarlos Fuentes.
260 _aMéxico
_bEditorial Novaro
_c1966
300 _a93 p.
_c20 cm.
500 _aAu1957
650 1 4 _aCuentos mexicanos
_ySiglo XX
_925042
902 _aGRL
942 _2lcc
_cB
999 _c10553
_d10553